00822nam a22002417a 4500003000500000005001700005008004100022010000900063011000900072035000900081040000900090100001600099245013000115260007300245300000900318490006400327500001200391650004100403650001400444650003500458650002300493830006400516CHAP20220817040913.0971013s1975 r 00010 d a2434 a3406 a2606 cCHAP00aPate, F. M. aSupplemental feeding of steers on everglades pastureb: effect on pasture and feedlot performance and economics of production aGainesville, Fl :bInstitute of Food and Agricultural Science,c1975 a17 p aInstitute of Food and Agricultural Science. Bulletinv; 775 aD45-22014aAlimentos y alimentacion del ganado.14aForrajes.14aGanado vacunoxAlimentación.14aPastos forrajeros.0 aInstitute of Food and Agricultural Science. Bulletinv; 775